000 00354nam a22001457a 4500
008 210312b ||||| |||| 00| 0 eng d
020 _a0443081085
041 _aeng
080 _a575
082 _a575
100 _a5
101 _aBIO
245 _aThe Musculoskeletal System Embryology, Biochemistry and Physiology
_cCruess, R. L
942 _2udc
_cBK
999 _c56503
_d56503